000 00650nam a2200193 i 4500
001 128570
003 ES-MaACL
007 t|
008 070518s1966 sp ||||1| spa d
080 _a618.1-089
100 1 _aTapfer, Siegfried.
_9109220
245 1 4 _aLas operaciones ginecológicas regladas /
_cSiegfried Tapfer ; traducción directa del alemán por José Luis Serrano Salagaray.
260 _aMadrid :
_bAlhambra,
_c1954.
300 _a65 p., :
_bil. ;
_c32 cm.
650 1 4 _aGinecología.
_913119
650 1 4 _aTerapéutica quirúrgica.
_917480
700 1 _aSerrano Salagaray, José Luis.
_9105797
852 _aES-MaACL
_jC-6742
_bR.35631
999 _c128570
_d128570